Torquemada en la hoguera (Record no. 178789)

MARC details
000 -LEADER
campo de control de longitud fija 01140nam a2200301 i 4500
001 - NÚMERO DE CONTROL
campo de control 178789
003 - IDENTIFICADOR DE NÚMERO DE CONTROL
campo de control ES-MaACL
005 - FECHA Y HORA DE LA ÚLTIMA TRANSACCIÓN
campo de control 20250804062632.0
008 - DATOS DE LONGITUD FIJA--INFORMACIÓN GENERAL
campo de control de longitud fija 110629s2003 sp |||| | spa d
020 ## - NÚMERO INTERNACIONAL ESTÁNDAR DEL LIBRO
Número Internacional Estándar del Libro 84-89794-62-6
080 ## - NÚMERO DE LA CLASIFICACIÓN DECIMAL UNIVERSAL
Número de la Clasificación Decimal Universal 821.134.2-31"18"
100 1# - ENTRADA PRINCIPAL--NOMBRE DE PERSONA
Nombre de persona Pérez Galdós, Benito,
Fechas asociadas al nombre 1843-1920
9 (RLIN) 90871
245 10 - MENCIÓN DEL TÍTULO
Título Torquemada en la hoguera
Resto del título ; Torquemada en la cruz ; Torquemada en el purgatorio ; Torquemada y San Pedro /
Mención de responsabilidad, etc. Benito Pérez Galdós ; [ed. de Domingo Ynduráin].
246 37 - FORMA VARIANTE DEL TITULO
Título propio/Titulo breve Las novelas de Torquemada
260 ## - PUBLICACIÓN, DISTRIBUCIÓN, ETC.
Lugar de publicación, distribución, etc. Madrid :
Nombre del editor, distribuidor, etc. Fundación José Antonio de Castro,
Fecha de publicación, distribución, etc. [2003]
300 ## - DESCRIPCIÓN FÍSICA
Extensión XV, 805 p. ;
Dimensiones 23 cm.
490 1# - MENCIÓN DE SERIE
Mención de serie Biblioteca Castro
490 1# - MENCIÓN DE SERIE
Mención de serie Novelas contemporáneas ;
Designación de volumen o secuencia 8
700 0# - ENTRADA AGREGADA--NOMBRE PERSONAL
Nombre de persona Ynduráin, Domingo,
Fechas asociadas al nombre 1943-2003
9 (RLIN) 117645
710 2# - ENTRADA AGREGADA--NOMBRE DE ENTIDAD CORPORATIVA
Nombre de entidad corporativa o nombre de jurisdicción como elemento de entrada Fundación José Antonio de Castro.
9 (RLIN) 4339
740 02 - ENTRADA AGREGADA--TÍTULO RELACIONADO/ANALÍTICO NO CONTROLADO
Título relacionado o analítico no controlado Torquemada en la cruz.
740 02 - ENTRADA AGREGADA--TÍTULO RELACIONADO/ANALÍTICO NO CONTROLADO
Título relacionado o analítico no controlado Torquemada en el purgatorio.
740 02 - ENTRADA AGREGADA--TÍTULO RELACIONADO/ANALÍTICO NO CONTROLADO
Título relacionado o analítico no controlado Torquemada y San Pedro.
830 0# - PUNTO DE ACCESO ADICIONAL DE SERIE-TÍTULO UNIFORME
Título uniforme Biblioteca Castro
9 (RLIN) 178957
830 0# - PUNTO DE ACCESO ADICIONAL DE SERIE-TÍTULO UNIFORME
Título uniforme Novelas contemporáneas ;
Designación de volumen o secuencia 8
9 (RLIN) 191030
852 ## - LOCALIZACIÓN
Ubicación ES-MaACL
Número de control de estantería P-2008
Nota libre - Enc. tela verde
Holdings
Estatus retirado Estado de pérdida Estado de daño No para préstamo Biblioteca de origen Biblioteca actual Ubicación en estantería Fecha de adquisición Fuente de adquisición Total de préstamos Signatura topográfica completa Código de barras Visto por última vez Precio de reemplazo Tipo de ítem Koha
        Biblioteca del Ateneo de Madrid Biblioteca del Ateneo de Madrid Depósito 2 29/06/2011     P-2008 1187804 23/02/2023 23/02/2023 Libro impreso